Some thoughts concerning education (Record no. 654)
[ view plain ]
| 000 -LEADER | |
|---|---|
| fixed length control field | 00597nam a2200229Ia 4500 |
| 003 - CONTROL NUMBER IDENTIFIER | |
| control field | 0100 |
| 008 - FIXED-LENGTH DATA ELEMENTS--GENERAL INFORMATION | |
| fixed length control field | 130227s9999 xx 000 0 und d |
| 040 ## - CATALOGING SOURCE | |
| Transcribing agency | ARRUPELIB |
| 050 ## - LIBRARY OF CONGRESS CALL NUMBER | |
| Classification number | LB475.L6 |
| 100 ## - MAIN ENTRY--PERSONAL NAME | |
| Personal name | Locke, John |
| 245 ## - TITLE STATEMENT | |
| Title | Some thoughts concerning education |
| 260 ## - PUBLICATION, DISTRIBUTION, ETC. (IMPRINT) | |
| Place of publication, distribution, etc | Cambridge |
| 260 ## - PUBLICATION, DISTRIBUTION, ETC. (IMPRINT) | |
| Name of publisher, distributor, etc | Cambridge University Press |
| 260 ## - PUBLICATION, DISTRIBUTION, ETC. (IMPRINT) | |
| -- | 1892 |
| 300 ## - PHYSICAL DESCRIPTION | |
| Extent | lxiv |
| 300 ## - PHYSICAL DESCRIPTION | |
| Other physical details | 240p 16cm |
| 440 ## - SERIES STATEMENT/ADDED ENTRY--TITLE | |
| Title | Pitt press series |
| 650 ## - SUBJECT ADDED ENTRY--TOPICAL TERM | |
| Topical term following geographic name as entry element | Catholic church in literature |
| 650 ## - SUBJECT ADDED ENTRY--TOPICAL TERM | |
| Location of event | English fiction- 19th century- History and criticism |
| 700 ## - ADDED ENTRY--PERSONAL NAME | |
| Personal name | Quick, R. H. (ed) |
| 942 ## - ADDED ENTRY ELEMENTS (KOHA) | |
| Source of classification or shelving scheme | Library of Congress Classification |
| Koha issues (borrowed), all copies | 7 |
| Withdrawn status | Lost status | Source of classification or shelving scheme | Damaged status | Not for loan | Collection code | Home library | Current library | Shelving location | Date acquired | Total Checkouts | Full call number | Barcode | Date last seen | Date last borrowed | Copy number | Price effective from | Koha item type |
|---|---|---|---|---|---|---|---|---|---|---|---|---|---|---|---|---|---|
| Library of Congress Classification | Main Collection | ARRUPE LIBRARY | ARRUPE LIBRARY | 27/02/2013 | 17 | LB475.L6 | 46401408 | 15/04/2019 | 01/04/2019 | 1 | 27/02/2013 | Monograph ( Printed materials) |